Načítá se...
From Socrates to Sartre: the philosophic quest
| Hlavní autor: | |
|---|---|
| Médium: | Printed Book |
| Vydáno: |
London, Bantam Books
1984
|
| Témata: |
| LEADER | 004560000a22001450004500 | ||
|---|---|---|---|
| 020 | |a 0-553-25161-9 | ||
| 082 | |a 190 M4 | ||
| 100 | |a Lavine, T Z | ||
| 245 | |a From Socrates to Sartre: the philosophic quest | ||
| 260 | |a London, Bantam Books | ||
| 260 | |c 1984 | ||
| 650 | |a Ancient philosophy | ||
| 942 | |c BK | ||
| 999 | |c 6599 |d 6599 | ||
| 952 | |0 0 |1 0 |4 0 |6 190_000000000000000_M4 |7 0 |8 ENG |9 6392 |a MGUL |b MGUL |d 2013-07-16 |l 4 |m 1 |o 190 M4 |p 26047 |r 2015-09-30 |s 2015-06-26 |w 2013-07-16 |y BK | ||